Регионална библиотека "Любен Каравелов" - Русе

Боерската разходка (Запис номер 424523)

MARC детайли
000 -Лидер
Контролно поле с фиксирана дължина nam a22 a 4500
003 - Код на организацията, давaща контролен номер
Контролно поле BLK
005 - Дата и час на последна редакция
Контролно поле 20230506024441.0
008 - Елементи от данни с фиксирана дължина
fixed length control field 200316b bul|||||r ||||||| ||bul||
040 ## - Източник на каталожния запис
Идентификатор на билиотеката - собственик на записа BLK
041 ## - Код за език
Код за езика на текст/звукозапис или на отделно заглавие Български
Код за езика КДБФ Български
080 ## - УДК
Текстов определител УДК Английска литература
УДК код - определител по УДК 821.111
УДК определител -93-31
УДК - код + определител 821.111-93-31
100 ## - Редна дума - Автор
Автор Рид, Томас Майн
Дати, свързани с автора 1818-1883
R(LIN) 365222
139 ## - Редно поле
Редна дума Рид, Томас Майн
245 10 - Сведения за заглавието
Заглавие Боерската разходка
Подзаглавни данни Роман
Редно поле (дума) Томас Майн Рид; С картини от Риу; прев. от рус. Д. Попов
257 ## - Страна на издаване
Страна на създаване/издаване България
260 ## - Област на издателските данни
Място на издаване, разпространение и проч. Търново
Име на издателя, разпространителя и проч. книж. Е. П. Христов
Година на издаване 1898
Печатница Варна : Зора
9 (RLIN) 217487
300 ## - Физическа характеристика
Страници 180 с.
Илюстрации и др. с ил.
Размери/Мащаб 20 см
380 ## - Жанр
Жанр Худож. лит.
490 ## - СЕРИИ (Колекции)
9 (RLIN) 435080
Име на серия Колекция Редки и ценни издания
500 ## - Общи забележки
Забележка Пълното име на прев. Д. Попов. Цена 1.30 лв.
700 ## - Други автори (авторска отговорност)
Лично име Риу, Едуар
Автороска отговорност (Описва отношението между автора и произведението) худож.
9 (RLIN) 370688
700 ## - Други автори (авторска отговорност)
Лично име Попов, Д.
Автороска отговорност (Описва отношението между автора и произведението) прев. от рус.
9 (RLIN) 1121
852 ## - Местоположение
Форматна сигнатура Рб 898
Фондова буква Редки и ценни
856 4# - Електронен адрес и достъп
Електронен формат pdf - файл
Път до файла /url/
856 4# - Електронен адрес и достъп
Електронен формат pdf - файл
Път до файла /url/
999 ## - СИСТЕМНИ КОНТРОЛНИ НОМЕРА
Koha biblionumber 424523
Koha biblioitemnumber 424523
942 ## - АРТИКУЛИ
Вид на библиотечния материал Книги
Скрит в OPAC Не
Периодичен библиозапис Да
944 ## - СЪЗДАВАНЕ И РЕДАКЦИЯ на ЗАПИСА
Създаване/Редакция Създаване
Дата на регистрацията/редакция 2021-07-21
Служител, извършил регистрацията/редакцията Микаела Микова-Илиева
999 ## - СИСТЕМНИ КОНТРОЛНИ НОМЕРА
Koha biblioitemnumber 523286
Наличности
Код за отписване Код за изгубен артикул Източник на класификационната схема Код за повреда Коз за рестрикции Код за отдаване Артикулен № Име на библиотеката - собственик Име на библиотеката, в която се намира в момента Статус (Текущо местоположение) Дата на вписване в системата Местоположение - отдел Цена в лева Инвентарен номер Систематично азбучна сигнатура Баркод Цена в евро Служебен тип на артикула
  Не е изгубен Universal Decimal Classification Не е повреден само за читалня Специални фондове ( старопечатни, редки и ценни, фонд М. Арнаудов) 854072 Регионална библиотека "Любен Каравелов" Русе Регионална библиотека "Любен Каравелов" Русе Редки и ценни 2021-09-23 Редки и ценни 0.14 3140-а Рб 898 900000070597 0.07 Книги
Vip Innovations Ltd, Rousse, Bulgaria 2025